| 000 | 00613nam a2200193 a 4500 | ||
|---|---|---|---|
| 001 | 000021716 | ||
| 005 | 20200930011425.0 | ||
| 008 | 100910s2000 dr 000 0 spa d | ||
| 020 | _z9993432067 | ||
| 040 |
_aDO-SdBNP _bspa _cBNPHU |
||
| 082 |
_axxx _bL729a |
||
| 100 | 1 |
_aLilón, Domingo, _d1963- _945155 |
|
| 245 | 1 | 0 |
_aArmas y poder : _blos húngaros y la armería de San Cristobal / _cDomingo Lilón. |
| 260 |
_aSanto Domingo : _bCole, _c2000. |
||
| 300 |
_a245 p. ; _c22 cm. |
||
| 500 | _aIncluye datos biográficos del autor en la contracubierta. | ||
| 504 | _aBibliografías : p. 237-245 | ||
| 049 | _aBNPD | ||
| 999 |
_c21215 _d21215 |
||